[Event "Bayernliga U20 1819"]
[Site "Bayern"]
[Date "2018.12.08"]
[Round "3.5"]
[White "Ponomarev, Maximilian"]
[Black "Helbling, Dominik"]
[Result "1/2-1/2"]
[WhiteElo "1832"]
[BlackElo "1460"]
[PlyCount "71"]
[EventDate "2018.11.17"]
[EventType "team-tourn"]
[EventRounds "6"]
[EventCountry "GER"]
[SourceTitle "EXT 2022"]
[Source "ChessBase"]
[SourceDate "2021.10.06"]
[SourceVersion "1"]
[SourceVersionDate "2021.10.06"]
[SourceQuality "1"]
[WhiteTeam "Muenchen Suedost SK U20"]
[BlackTeam "Schwandorf U20"]
[WhiteTeamCountry "GER"]
[BlackTeamCountry "GER"]

1. e4 e5 2. Nf3 Nc6 3. d4 exd4 4. Nxd4 Nge7 5. Nc3 Nxd4 6. Qxd4 Nc6 7. Qd1 Bb4 8. Bd2 0-0 9. Bd3 d6 10. a3 Bc5 11. Na4 Bd4 12. Nc3 Be6 13. 0-0 Ne5 14. Be2 Nc4 15. Bc1 Qf6 16. Qd3 Nb6 17. Be3 Bxc3 18. Qxc3 Qxc3 19. bxc3 Na4 20. Bd2 c6 21. c4 Nb6 22. Bf4 Rfd8 23. Rfd1 Bxc4 24. Bxc4 Nxc4 25. Rd3 Rd7 26. Rg3 f6 27. Rc3 b5 28. a4 d5 29. axb5 cxb5 30. Rb3 a6 31. Rxb5 dxe4 32. Rb4 Rc8 33. h3 g5 34. Be3 Rc6 35. c3 Nd6 36. Rba4 1/2-1/2

[Event "Oberpfalz-ch M3"]
[Site "Bad Koetzting"]
[Date "2018.03.27"]
[Round "8"]
[White "Haas, Carl Gustav"]
[Black "Helbling, Dominik"]
[Result "1/2-1/2"]
[WhiteElo "1451"]
[BlackElo "1218"]
[PlyCount "25"]
[EventDate "2018.03.24"]
[EventType "swiss"]
[EventRounds "8"]
[EventCountry "GER"]
[SourceTitle "EXT 2020"]
[Source "ChessBase"]
[SourceDate "2019.10.17"]
[SourceVersion "1"]
[SourceVersionDate "2019.10.17"]
[SourceQuality "1"]

1. c4 c5 2. g3 g6 3. Bg2 Bg7 4. Nc3 Nc6 5. d3 d6 6. e4 e5 7. Nge2 Nge7 8. 0-0 0-0 9. f4 exf4 10. Bxf4 f5 11. Rb1 a6 12. Qd2 Nd4 13. Nxd4 1/2-1/2

[Event "Oberpfalz-ch M3"]
[Site "Bad Koetzting"]
[Date "2018.03.24"]
[Round "1"]
[White "Helbling, Dominik"]
[Black "Limmer, Ewald"]
[Result "1/2-1/2"]
[WhiteElo "1218"]
[BlackElo "1492"]
[PlyCount "80"]
[EventDate "2018.03.24"]
[EventType "swiss"]
[EventRounds "8"]
[EventCountry "GER"]
[SourceTitle "EXT 2020"]
[Source "ChessBase"]
[SourceDate "2019.10.17"]
[SourceVersion "1"]
[SourceVersionDate "2019.10.17"]
[SourceQuality "1"]

1. e4 e5 2. Nf3 Nc6 3. Bb5 Bc5 4. Nc3 Nge7 5. d3 d6 6. Be3 Bb6 7. 0-0 h6 8. d4 exd4 9. Nxd4 0-0 10. Qd2 Nxd4 11. Bxd4 Bxd4 12. Qxd4 Be6 13. Rfe1 c6 14. Ba4 Qc7 15. Re3 c5 16. Qd2 a6 17. a3 Rad8 18. Bb3 Bxb3 19. cxb3 Rd7 20. Nd5 Nxd5 21. exd5 Re7 22. Rae1 Rfe8 23. b4 cxb4 24. Qxb4 Rxe3 25. fxe3 Re5 26. e4 Qe7 27. Kf2 g6 28. Re3 Kg7 29. Qd4 h5 30. Ke2 h4 31. g3 hxg3 32. hxg3 f6 33. Kd3 Qd7 34. Qb6 g5 35. Kd4 Kg6 36. Qb3 g4 37. Re1 b5 38. Qc2 Qa7+ 39. Kd3 Qd7 40. Kd4 Qa7+ 1/2-1/2

[Event "Oberpfalz-ch M3"]
[Site "Windischeschenbach"]
[Date "2017.04.08"]
[Round "1"]
[White "Helbling, Dominik"]
[Black "Wild, Michael"]
[Result "0-1"]
[WhiteElo "1188"]
[BlackElo "1552"]
[PlyCount "96"]
[EventDate "2017.04.08"]
[EventType "swiss"]
[EventRounds "8"]
[EventCountry "GER"]
[SourceTitle "EXT 2020"]
[Source "ChessBase"]
[SourceDate "2019.10.17"]
[SourceVersion "1"]
[SourceVersionDate "2019.10.17"]
[SourceQuality "1"]

1. e4 d5 2. exd5 Qxd5 3. Nc3 Qa5 4. d3 c6 5. Bd2 Qc7 6. Nf3 Nf6 7. Ne4 Bf5 8. Nxf6+ gxf6 9. Be2 e6 10. Bc3 Nd7 11. 0-0 Bd6 12. d4 Rg8 13. g3 Bh3 14. Qe1 Bxf1 15. Bxf1 0-0-0 16. Bd3 f5 17. Qe3 Rg6 18. Bd2 f4 19. Qe1 Rg7 20. Kf1 fxg3 21. fxg3 Re8 22. Bh6 Rgg8 23. Ng5 Nf6 24. Nxh7 Nxh7 25. Bxh7 Rh8 26. Qe4 f5 27. Bxf5 exf5 28. Qxf5+ Kb8 29. Qg6 Reg8 30. Qe6 Qe7 31. Re1 Re8 32. Qxe7 Rxe7 33. Rxe7 Bxe7 34. Bf4+ Kc8 35. Kg2 Re8 36. Kf2 Bf6 37. c3 Kd7 38. h4 Ke6 39. Kf3 Kf7 40. h5 Re1 41. b3 Ra1 42. a4 Ra3 43. g4 Rxb3 44. Bd2 Bxd4 45. Kf4 Bxc3 46. Bxc3 Rxc3 47. Kf5 Rc5+ 48. Kf4 Kf6 0-1

[Event "Nittenau-ch 16th"]
[Site "Nittenau"]
[Date "2016.09.18"]
[Round "5"]
[White "Helbling, Dominik"]
[Black "Doll, Alexander"]
[Result "0-1"]
[WhiteElo "1077"]
[BlackElo "1478"]
[PlyCount "68"]
[EventDate "2016.09.16"]
[EventType "swiss"]
[EventRounds "5"]
[EventCountry "GER"]
[SourceTitle "EXT 2022"]
[Source "ChessBase"]
[SourceDate "2021.10.06"]
[SourceVersion "1"]
[SourceVersionDate "2021.10.06"]
[SourceQuality "1"]

1. e4 e5 2. Nf3 Nc6 3. Bb5 a6 4. Ba4 d6 5. d4 b5 6. Bb3 Nxd4 7. Nxd4 exd4 8. Qxd4 c5 9. Qd5 Be6 10. Qc6+ Bd7 11. Bxf7+ Kxf7 12. Qd5+ Be6 13. Qh5+ g6 14. Qf3+ Nf6 15. Bg5 Bg7 16. 0-0 Rf8 17. Nd2 Kg8 18. Rfe1 Qc7 19. Qe2 Ng4 20. h3 Nxf2 21. Nf3 Nxh3+ 22. gxh3 Bxh3 23. c3 Bg4 24. Rf1 Qf7 25. Kg2 Bxf3+ 26. Rxf3 Qxf3+ 27. Qxf3 Rxf3 28. Kxf3 Rf8+ 29. Kg4 Rf2 30. Rb1 Be5 31. Be3 h5+ 32. Kg5 Rg2+ 33. Kh4 Re2 34. Bg5 Rh2# 0-1

[Event "Nittenau-ch 16th"]
[Site "Nittenau"]
[Date "2016.09.18"]
[Round "4"]
[White "Kestler, Martin"]
[Black "Helbling, Dominik"]
[Result "1-0"]
[WhiteElo "1544"]
[BlackElo "1077"]
[PlyCount "43"]
[EventDate "2016.09.16"]
[EventType "swiss"]
[EventRounds "5"]
[EventCountry "GER"]
[SourceTitle "EXT 2022"]
[Source "ChessBase"]
[SourceDate "2021.10.06"]
[SourceVersion "1"]
[SourceVersionDate "2021.10.06"]
[SourceQuality "1"]

1. d4 d5 2. e3 Nf6 3. Nf3 Bg4 4. Nbd2 e6 5. Be2 Bd6 6. 0-0 0-0 7. b3 Qe7 8. Bb2 Nc6 9. c4 b6 10. Rc1 Nb4 11. a3 Na6 12. cxd5 exd5 13. Bxa6 Bxa3 14. Bxa3 Qxa3 15. Be2 Qe7 16. Ne5 Be6 17. Qc2 Rfc8 18. Ba6 Rd8 19. Nc6 Qa3 20. Nxd8 Rxd8 21. Bd3 Rc8 22. Ra1 1-0